GREATEST BALL HANDLERS OAT - Statistics

General Stats
  • This quiz has been taken 23 times
  • The average score is 8 of 16
Answer Stats
Picture Answer % Correct
Elon Musk
95%
Kyrie Irving
95%
Allen Iverson
89%
Chris Paul
74%
Steph Curry
74%
FlightReacts
63%
Jamal Crawford
58%
The Professor
58%
Cash Nasty
42%
Ash Kaash
32%
Faze Kay
32%
Lana Rhodes
32%
Young Dabo
26%
Autumn Falls
21%
Bone Collector
21%
Teanna Trump
16%
No matching quizzes found
Score Distribution
Percent of People with Each Score
Percentile by Number Answered
Your Score History
You have not taken this quiz